000 00495nam a22001817a 4500
999 _c525482
_d525482
003 NUST
020 _a-
038 _aZafar Malik
082 _a891.421
_bNAZ
100 _aNazli, Shaheen
_916387
245 _aKhayal Khawab Tay Rang \
_cShaheen Nazli
260 _aLahore :
_bSheikh Ghulam Ali and Sons Publishers ;
_c1978.
300 _a176 p. ;
500 _aHardcover
880 _6100-02\r
_aشاہین نازلی
880 _6245-02\r
_aخیال خواب تے رنگ
942 _2ddc
_cBK